Deutsche Großstädte mit nur einem Vokal - Statistiken

Allgemein
  • Dieses Quiz wurde 240 mal gespielt
  • Das Durchschnittsergebnis liegt bei 7 aus 13
Antwortstatistiken
Hint Antwort % Korrekt
Ö Köln
85%
U Ulm
81%
O Bonn
70%
E Essen
66%
E Dresden
61%
E Bremen
57%
A Hamm
53%
Ü Fürth
49%
O Rostock
44%
E Herne
35%
O Bottrop
31%
A Darmstadt
28%
E Krefeld
26%
Keine übereinstimmenden Quizze gefunden
Verteilung der Resultate
Anzahl Personen mit jedem Resultat
Perzentil nach korrekt beantworteten Fragen
Ihre Resultats-Entwicklung
Sie haben dieses Quiz noch nicht gespielt